<?xml version="1.0" encoding="UTF-8"?>
<record
    xmlns:xsi="http://www.w3.org/2001/XMLSchema-instance"
    xsi:schemaLocation="http://www.loc.gov/MARC21/slim http://www.loc.gov/standards/marcxml/schema/MARC21slim.xsd"
    xmlns="http://www.loc.gov/MARC21/slim">

  <leader>01998nam0a22003851  4500</leader>
  <controlfield tag="001">rc\161869</controlfield>
  <controlfield tag="005">20260406163827.0</controlfield>
  <datafield tag="010" ind1=" " ind2=" ">
    <subfield code="a">5-88527-141-0</subfield>
    <subfield code="9">20000</subfield>
  </datafield>
  <datafield tag="035" ind1=" " ind2=" ">
    <subfield code="a">(NLR Aleph) 005427011</subfield>
  </datafield>
  <datafield tag="090" ind1=" " ind2=" ">
    <subfield code="a">7536793</subfield>
    <subfield code="c">7536793</subfield>
  </datafield>
  <datafield tag="100" ind1=" " ind2=" ">
    <subfield code="a">20030307d1996    |||y0rusy50      ca</subfield>
  </datafield>
  <datafield tag="101" ind1="0" ind2=" ">
    <subfield code="a">rus</subfield>
  </datafield>
  <datafield tag="102" ind1=" " ind2=" ">
    <subfield code="a">RU</subfield>
  </datafield>
  <datafield tag="105" ind1=" " ind2=" ">
    <subfield code="a">y   |||||||||</subfield>
  </datafield>
  <datafield tag="200" ind1="1" ind2=" ">
    <subfield code="a">&#x421;&#x43E;&#x446;&#x438;&#x430;&#x43B;&#x44C;&#x43D;&#x430;&#x44F; &#x433;&#x440;&#x443;&#x441;&#x442;&#x44C;</subfield>
    <subfield code="e">[&#x421;&#x431;&#x43E;&#x440;&#x43D;&#x438;&#x43A;]</subfield>
    <subfield code="f">&#x41C;&#x438;&#x445;&#x430;&#x438;&#x43B; &#x417;&#x43E;&#x449;&#x435;&#x43D;&#x43A;&#x43E;</subfield>
    <subfield code="g">[&#x421;&#x43E;&#x441;&#x442;., &#x432;&#x441;&#x442;&#x443;&#x43F;. &#x441;&#x442;., &#x441;. 5-38, &#x438; &#x43A;&#x43E;&#x43C;&#x43C;&#x435;&#x43D;&#x442;. &#x411;.&#x421;. &#x420;&#x443;&#x431;&#x435;&#x43D;&#x430;]</subfield>
  </datafield>
  <datafield tag="210" ind1=" " ind2=" ">
    <subfield code="a">&#x41C;.</subfield>
    <subfield code="c">&#x428;&#x43A;.-&#x43F;&#x440;&#x435;&#x441;&#x441;</subfield>
    <subfield code="d">1996</subfield>
  </datafield>
  <datafield tag="215" ind1=" " ind2=" ">
    <subfield code="a">765, [1] &#x441;.</subfield>
    <subfield code="d">22</subfield>
  </datafield>
  <datafield tag="225" ind1="1" ind2=" ">
    <subfield code="a">&#x41A;&#x440;&#x443;&#x433; &#x447;&#x442;&#x435;&#x43D;&#x438;&#x44F;: &#x448;&#x43A;&#x43E;&#x43B;&#x44C;&#x43D;&#x430;&#x44F; &#x43F;&#x440;&#x43E;&#x433;&#x440;&#x430;&#x43C;&#x43C;&#x430;</subfield>
  </datafield>
  <datafield tag="320" ind1=" " ind2=" ">
    <subfield code="a">&#x411;&#x438;&#x431;&#x43B;&#x438;&#x43E;&#x433;&#x440;. &#x432; &#x43F;&#x440;&#x438;&#x43C;&#x435;&#x447;.: &#x441;. 755-763</subfield>
  </datafield>
  <datafield tag="327" ind1="1" ind2=" ">
    <subfield code="a">&#x421;&#x43E;&#x434;&#x435;&#x440;&#x436;.: &#x41F;&#x435;&#x440;&#x435;&#x434; &#x432;&#x43E;&#x441;&#x445;&#x43E;&#x434;&#x43E;&#x43C; &#x441;&#x43E;&#x43B;&#x43D;&#x446;&#x430;; &#x421;&#x435;&#x43D;&#x442;&#x438;&#x43C;&#x435;&#x43D;&#x442;. &#x43F;&#x43E;&#x432;&#x435;&#x441;&#x442;&#x438;: &#x41A;&#x43E;&#x437;&#x430;; &#x410;&#x43F;&#x43E;&#x43B;&#x43B;&#x43E;&#x43D; &#x438; &#x422;&#x430;&#x43C;&#x430;&#x440;&#x430;; &#x41B;&#x44E;&#x434;&#x438;; &#x421;&#x442;&#x440;&#x430;&#x448;&#x43D;&#x430;&#x44F; &#x43D;&#x43E;&#x447;&#x44C;; &#x421;&#x438;&#x440;&#x435;&#x43D;&#x44C; &#x446;&#x432;&#x435;&#x442;&#x435;&#x442;; &#x420;&#x430;&#x441;&#x441;&#x43A;&#x430;&#x437;&#x44B; &#x438; &#x444;&#x435;&#x43B;&#x44C;&#x435;&#x442;&#x43E;&#x43D;&#x44B;</subfield>
    <subfield code="a">&#x412; &#x43A;&#x43D;. &#x442;&#x430;&#x43A;&#x436;&#x435;: &#x410;&#x43B;&#x438;&#x431;&#x438; &#x41C;&#x438;&#x445;&#x430;&#x438;&#x43B;&#x430; &#x417;&#x43E;&#x449;&#x435;&#x43D;&#x43A;&#x43E; / &#x411;. &#x420;&#x443;&#x431;&#x435;&#x43D;</subfield>
  </datafield>
  <datafield tag="464" ind1=" " ind2="0">
    <subfield code="1">2001#$a&#x41F;&#x435;&#x440;&#x435;&#x434; &#x432;&#x43E;&#x441;&#x445;&#x43E;&#x434;&#x43E;&#x43C; &#x441;&#x43E;&#x43B;&#x43D;&#x446;&#x430;</subfield>
    <subfield code="t">&#x41F;&#x435;&#x440;&#x435;&#x434; &#x432;&#x43E;&#x441;&#x445;&#x43E;&#x434;&#x43E;&#x43C; &#x441;&#x43E;&#x43B;&#x43D;&#x446;&#x430;</subfield>
  </datafield>
  <datafield tag="464" ind1=" " ind2="0">
    <subfield code="1">2001#$a&#x41A;&#x43E;&#x437;&#x430;</subfield>
    <subfield code="t">&#x41A;&#x43E;&#x437;&#x430;</subfield>
  </datafield>
  <datafield tag="464" ind1=" " ind2="0">
    <subfield code="1">2001#$a&#x410;&#x43F;&#x43E;&#x43B;&#x43B;&#x43E;&#x43D; &#x438; &#x422;&#x430;&#x43C;&#x430;&#x440;&#x430;</subfield>
    <subfield code="t">&#x410;&#x43F;&#x43E;&#x43B;&#x43B;&#x43E;&#x43D; &#x438; &#x422;&#x430;&#x43C;&#x430;&#x440;&#x430;</subfield>
  </datafield>
  <datafield tag="464" ind1=" " ind2="0">
    <subfield code="1">2001#$a&#x41B;&#x44E;&#x434;&#x438;</subfield>
    <subfield code="t">&#x41B;&#x44E;&#x434;&#x438;</subfield>
  </datafield>
  <datafield tag="464" ind1=" " ind2="0">
    <subfield code="1">2001#$a&#x421;&#x442;&#x440;&#x430;&#x448;&#x43D;&#x430;&#x44F; &#x43D;&#x43E;&#x447;&#x44C;</subfield>
    <subfield code="t">&#x421;&#x442;&#x440;&#x430;&#x448;&#x43D;&#x430;&#x44F; &#x43D;&#x43E;&#x447;&#x44C;</subfield>
  </datafield>
  <datafield tag="464" ind1=" " ind2="0">
    <subfield code="1">2001#$a&#x421;&#x438;&#x440;&#x435;&#x43D;&#x44C; &#x446;&#x432;&#x435;&#x442;&#x435;&#x442;</subfield>
    <subfield code="t">&#x421;&#x438;&#x440;&#x435;&#x43D;&#x44C; &#x446;&#x432;&#x435;&#x442;&#x435;&#x442;</subfield>
  </datafield>
  <datafield tag="464" ind1=" " ind2="0">
    <subfield code="1">2001#$a&#x420;&#x430;&#x441;&#x441;&#x43A;&#x430;&#x437;&#x44B; &#x438; &#x444;&#x435;&#x43B;&#x44C;&#x435;&#x442;&#x43E;&#x43D;&#x44B;</subfield>
    <subfield code="t">&#x420;&#x430;&#x441;&#x441;&#x43A;&#x430;&#x437;&#x44B; &#x438; &#x444;&#x435;&#x43B;&#x44C;&#x435;&#x442;&#x43E;&#x43D;&#x44B;</subfield>
  </datafield>
  <datafield tag="464" ind1=" " ind2="0">
    <subfield code="1">2001#$a&#x410;&#x43B;&#x438;&#x431;&#x438; &#x41C;&#x438;&#x445;&#x430;&#x438;&#x43B;&#x430; &#x417;&#x43E;&#x449;&#x435;&#x43D;&#x43A;&#x43E;</subfield>
    <subfield code="1">700#1$a&#x420;&#x443;&#x431;&#x435;&#x43D;$b&#x411;.</subfield>
    <subfield code="t">&#x410;&#x43B;&#x438;&#x431;&#x438; &#x41C;&#x438;&#x445;&#x430;&#x438;&#x43B;&#x430; &#x417;&#x43E;&#x449;&#x435;&#x43D;&#x43A;&#x43E;</subfield>
    <subfield code="a">&#x420;&#x443;&#x431;&#x435;&#x43D;, &#x411;.</subfield>
  </datafield>
  <datafield tag="700" ind1=" " ind2="1">
    <subfield code="8">rus</subfield>
    <subfield code="7">ca</subfield>
    <subfield code="a">&#x417;&#x43E;&#x449;&#x435;&#x43D;&#x43A;&#x43E;</subfield>
    <subfield code="b">&#x41C;. &#x41C;.</subfield>
    <subfield code="f">1894-1958</subfield>
    <subfield code="g">&#x41C;&#x438;&#x445;&#x430;&#x438;&#x43B; &#x41C;&#x438;&#x445;&#x430;&#x439;&#x43B;&#x43E;&#x432;&#x438;&#x447;</subfield>
    <subfield code="3">RU\NLR\AUTH\7710334</subfield>
    <subfield code="9">120112</subfield>
  </datafield>
  <datafield tag="801" ind1=" " ind2="0">
    <subfield code="a">RU</subfield>
    <subfield code="b">NLR</subfield>
    <subfield code="g">psbo</subfield>
  </datafield>
  <datafield tag="801" ind1=" " ind2="1">
    <subfield code="a">RU</subfield>
    <subfield code="b">ELAR</subfield>
    <subfield code="2">rusmarc</subfield>
  </datafield>
  <datafield tag="852" ind1=" " ind2=" ">
    <subfield code="a">NLR</subfield>
    <subfield code="j">97-3/3025</subfield>
  </datafield>
  <datafield tag="942" ind1=" " ind2=" ">
    <subfield code="c">BOOK</subfield>
  </datafield>
  <datafield tag="980" ind1=" " ind2=" ">
    <subfield code="a">NB</subfield>
  </datafield>
  <datafield tag="995" ind1=" " ind2=" ">
    <subfield code="5">2013-10-26</subfield>
    <subfield code="b">NLR01</subfield>
    <subfield code="c">NLR01</subfield>
    <subfield code="e">RF8</subfield>
    <subfield code="f">5427011-10</subfield>
    <subfield code="k">97-3/3025</subfield>
    <subfield code="o">0</subfield>
    <subfield code="r">BOOK</subfield>
    <subfield code="s">9733025_</subfield>
  </datafield>
  <datafield tag="995" ind1=" " ind2=" ">
    <subfield code="5">2014-02-03</subfield>
    <subfield code="b">NLR01</subfield>
    <subfield code="c">NLR01</subfield>
    <subfield code="e">OZ2</subfield>
    <subfield code="f">1-279689</subfield>
    <subfield code="k">&#x41B;1 &#x428;6(2=&#x420;)7/&#x417;-888</subfield>
    <subfield code="o">0</subfield>
    <subfield code="p">27.00</subfield>
    <subfield code="r">BOOK</subfield>
    <subfield code="s">1_627888</subfield>
  </datafield>
  <datafield tag="995" ind1=" " ind2=" ">
    <subfield code="5">2015-07-01</subfield>
    <subfield code="a">au</subfield>
    <subfield code="b">NLR03</subfield>
    <subfield code="c">NLR03</subfield>
    <subfield code="e">UJZ</subfield>
    <subfield code="f">1-1001254</subfield>
    <subfield code="k">&#x42E; &#x421;/&#x417;-88</subfield>
    <subfield code="o">0</subfield>
    <subfield code="r">BOOK</subfield>
    <subfield code="s">_88</subfield>
  </datafield>
</record>
